Представление документа в формате MARC21

Поле Инд. ПП Название Значение
Тип записи a
Библиографический уровень b
001 Контрольный номер UNIDUBNA976c3975ff8044ad907e409323c039d7
005 Дата корректировки 20250918154809.4
008 Кодируемые данные 20170331
040 b Код языка каталог. rus
e Правила каталог. PSBO
041 0_ a Код языка текста rus
084 a Индекс другой классификации/Индекс ББК 60.941.6
100 1_ a Автор Ворошилова Е. А.
245 10 a Заглавие От общественного объединения до регионального центра "Серебряного" волонтерства
520 0_ a Аннотация Об организации и работе центра "Серебряного" волонтерства, добровольческой активности пожилых людей.
650 14 a Основная рубрика социальная работа
653 0_ a Ключевые слова "серебряное волонтерство"
a Ключевые слова активное долголетие
a Ключевые слова волонтерство
a Ключевые слова добровольчество
a Ключевые слова общественные объединения
a Ключевые слова пожилые люди
a Ключевые слова реабилитационные центры
a Ключевые слова Россия
a Ключевые слова социальная защита
a Ключевые слова социальные проекты
a Ключевые слова центры социального обслуживания
773 08 t Заглавие источника Работник социальной службы
d Дата издания источника 2022
g Прочая информация № 4. - С. 25 - 29
w Контрольный № источника UNIDUBNAacb01dadd13649c3845f6882e49ff180
901 t Тип документа b